Top 10 Giro d'Italia by year - Statistics

General Stats
  • This quiz has been taken 292 times
    253 since last reset
  • The average score is 31 of 61
Answer Stats
Rider % Correct
Chris Froome
96%
Vincenzo Nibali
96%
Nairo Quintana
92%
Richard Carapaz
89%
Tom Dumoulin
89%
Alberto Contador
86%
Tao Geoghegan Hart
85%
Primoz Roglic
84%
Jai Hindley
81%
Alejandro Valverde
79%
Adam Yates
77%
Simon Yates
77%
Mikel Landa
74%
Thibaut Pinot
74%
Joao Almeida
71%
Fabio Aru
70%
Rigoberto Uran
70%
Rafal Majka
68%
Wilco Kelderman
67%
Ilnur Zakarin
66%
Ryder Hesjedal
66%
Jakob Fuglsang
65%
Joaquim Rodriguez
62%
Esteban Chaves
61%
Michele Scarponi
61%
Ivan Basso
60%
Steven Kruijswijk
60%
Bob Jungels
58%
Cadel Evans
58%
Miguel Angel Lopez
58%
Andrey Amador
53%
Bauke Mollema
52%
Domenico Pozzovivo
51%
Roman Kreuziger
50%
Pello Bilbao
43%
Thomas De Gendt
43%
Damiano Caruso
42%
Denis Menchov
41%
Damiano Cunego
40%
Patrick Konrad
36%
Leopold Konig
32%
Pavel Sivakov
32%
John Gadret
30%
Pierre Rolland
30%
Davide Formolo
28%
George Bennett
25%
Hermann Pernsteiner
23%
Sam Oomen
23%
Mikel Nieve
22%
Sergio Henao
22%
Jose Rujano
20%
Fausto Masnada
17%
Robert Kiserlovski
17%
Carlos Betancur
16%
Kanstantsin Siutsou
16%
Przemyslaw Niemiec
15%
Darwin Atapuma
10%
Yuri Trofimov
10%
Alexandre Geniez
9%
Benat Intxausti
8%
Franco Pellizotti
8%
No matching quizzes found
Score Distribution
Percent of People with Each Score
Percentile by Number Answered
Your Score History
You have not taken this quiz since the last reset